Is it really love? (Record no. 2312)

000 -LEADER
fixed length control field 00795nam a2200217 a 4500
001 - CONTROL NUMBER
control field :::00000036$&:&@@
003 - CONTROL NUMBER IDENTIFIER
control field OkBaRHE
005 - DATE AND TIME OF LATEST TRANSACTION
control field 20091008165003.0
008 - FIXED-LENGTH DATA ELEMENTS--GENERAL INFORMATION
fixed length control field s1978 j 000 0 eng u
040 ## - CATALOGING SOURCE
Transcribing agency
100 1# - MAIN ENTRY--PERSONAL NAME
Personal name Stewart, Ken.
245 10 - TITLE STATEMENT
Title Is it really love?
260 ## - PUBLICATION, DISTRIBUTION, ETC. (IMPRINT)
Place of publication, distribution, etc Tulsa, OK., :
Name of publisher, distributor, etc Harrison House
Date of publication, distribution, etc c1978
300 ## - PHYSICAL DESCRIPTION
Extent 30 p. ;
Dimensions 14 cm.
650 ## - SUBJECT ADDED ENTRY--TOPICAL TERM
Topical term or geographic name as entry element Love
General subdivision Religious aspects
-- Christianity.
650 ## - SUBJECT ADDED ENTRY--TOPICAL TERM
Topical term or geographic name as entry element Marriage
General subdivision Religious aspects
-- Christianity.
942 ## - ADDED ENTRY ELEMENTS (KOHA)
Source of classification or shelving scheme
Koha item type Books
Copies
Date checked out Date acquired Shelving location Current Location Total Checkouts Lost status Not for loan Full call number Price effective from Damaged status Withdrawn status Copy number Date last seen Barcode Permanent Location Koha item type Source of classification or shelving scheme
 2010-04-14General Stacks    BF 575 .S72010-04-14  12010-04-1436RHEMA Bible Training CollegeBooks 
 2010-04-14General Stacks    BF 575 .S72010-04-14  32010-04-1416079RHEMA Bible Training CollegeBooks 
2018-01-192010-04-14General StacksRHEMA Bible Training College1  BF 575 .S72010-04-14  22018-02-0816077RHEMA Bible Training CollegeBooks